Statistics for Visa-free access for Swiss passport holders

Click here to take the quiz!

General Stats

  • This quiz has been taken 27 times
  • The average score is 112 of 154

Answer Stats

Countries% Correct
United Kingdom
92%
United States
92%
Canada
88%
Japan
88%
Singapore
88%
Armenia
85%
Georgia
85%
Ireland
85%
Kosovo
85%
Malta
85%
Mexico
85%
Morocco
85%
Panama
85%
Romania
85%
Serbia
85%
South Africa
85%
South Korea
85%
Ukraine
85%
Albania
81%
Argentina
81%
Australia
81%
Austria
81%
Belgium
81%
Bolivia
81%
Bulgaria
81%
Croatia
81%
Czech Republic
81%
Dominica
81%
Egypt
81%
Estonia
81%
Finland
81%
France
81%
Germany
81%
Greece
81%
Haiti
81%
Hungary
81%
Iceland
81%
Latvia
81%
Liechtenstein
81%
Lithuania
81%
Macedonia
81%
Moldova
81%
Nicaragua
81%
Norway
81%
Oman
81%
Paraguay
81%
San Marino
81%
Slovakia
81%
Slovenia
81%
Spain
81%
Sweden
81%
Thailand
81%
Tunisia
81%
Vatican City
81%
Andorra
77%
Antigua and Barbuda
77%
Bahrain
77%
Belize
77%
Bosnia and Herzegovina
77%
Brazil
77%
Colombia
77%
Denmark
77%
Guatemala
77%
Indonesia
77%
Italy
77%
Kazakhstan
77%
Luxembourg
77%
Monaco
77%
Montenegro
77%
Namibia
77%
Peru
77%
Poland
77%
Portugal
77%
Qatar
77%
United Arab Emirates
77%
Uruguay
77%
Bahamas
73%
Belarus
73%
Chile
73%
Costa Rica
73%
Cyprus
73%
Ecuador
73%
El Salvador
73%
Ethiopia
73%
Fiji
73%
Guyana
73%
Honduras
73%
Jamaica
73%
Kenya
73%
Netherlands
73%
New Zealand
73%
Philippines
73%
Tajikistan
73%
Trinidad and Tobago
73%
Turkey
73%
Dominican Republic
69%
Grenada
69%
Israel
69%
Kyrgyzstan
69%
Laos
69%
Lesotho
69%
Madagascar
69%
Malaysia
69%
Nepal
69%
Saint Lucia
69%
Samoa
69%
Suriname
69%
Taiwan
69%
Tanzania
69%
Togo
69%
Tonga
69%
Venezuela
69%
Zimbabwe
69%
Benin
65%
Brunei
65%
East Timor
65%
Federated States of Micronesia
65%
Iran
65%
Malawi
65%
Marshall Islands
65%
Palau
65%
Papua New Guinea
65%
Saint Vincent and the Grenadines
65%
Seychelles
65%
Sri Lanka
65%
Swaziland
65%
Barbados
62%
Botswana
62%
Cambodia
62%
Kuwait
62%
Rwanda
62%
Saint Kitts and Nevis
62%
Sao Tome and Principe
62%
Senegal
62%
Tuvalu
62%
Zambia
62%
Comoros
58%
Gambia
58%
Jordan
58%
Kiribati
58%
Lebanon
58%
Maldives
58%
Solomon Islands
58%
Vanuatu
58%
Cape Verde
54%
Djibouti
54%
Mauritius
54%
Mozambique
54%
Somalia
54%
Uganda
54%
Bangladesh
50%
Guinea-Bissau
50%
Mauritania
50%
Burkina Faso
42%

Score Distribution

Percentile by Number Answered

Percent of People with Each Score

Your Score History

You have not taken this quiz